000
00406nam a2200133Ia 4500
008
100328s9999 xx 000 0 und d
082
_b
65584
100
_a
पोंक्षे राजीव.
245
_a
हॅलो पोलीस.
260
_b
दुर्गापरश्वेरी.
630
_a
हॅलो पोलीस.
730
_a
हॅलो पोलीस.
942
_c
BOOK
999
_c
551329
_d
551326